Normal view
MARC view
- Castillo Ledesma, Alma Lorena
Entry Nombre Personal
001 - NUMERO DE CONTROL
- campo de control: 59609
003 - IDENTIFICADOR DE NUMERO DE CONTROL
- campo de control: UPN
005 - FECHA Y HORA DE LA ÜLTIMA TRANSACCIÓN
- campo de control: 20260520094328.0
008 - DATOS DE LONGITUD FIJA
- campo de control de longitud fija: 260520|| acz||aabn | a|a d
024 ## - OTROS IDENTIFICADORES NORMALIZADOS
- Fuente: orcid
- Número normalizado o código: https://orcid.org/0009-0003-7140-6702
040 ## - FUENTE DE CATALOGACIÓN
- Agencia original de catalogación: MX-MxUPN
100 1# - ENCABEZAMIENTO - NOMBRE PERSONAL
- Nombre personal: Castillo Ledesma, Alma Lorena
370 ## - LUGAR ASOCIADO
- Place of birth: Durango, México
372 ## - CAMPO DE ACTIVIDAD
- Field of activity: Educación
- Field of activity: Docencia
373 ## - GRUPO ASOCIADO
- Associated group: Universidad Juárez del Estado de Durango
374 ## - OCUPACIÓN
- Occupation: Profesora universitaria
670 ## - FUENTE EN LA QUE SE LOCALIZARON DATOS
- Cita de la fuente: En recurso en línea: Investigación educativa duranguense, Vol. 16 no. 25, (2025):
- Información localizada: página 54 (Alma Lorena Castillo Ledesma)
- Uniform Resource Identifier: https://editorialupd.mx/revistas/index.php/ined/article/view/242/296
902 ## - CATALOGADOR
- Catalogador: RGJD/200526
